Actas del I Congreso Ibero-americano y Filipino de Derecho Procesal
Salvato in:
| Ente Autore: | |
|---|---|
| Natura: | Libro |
| Lingua: | spagnolo |
| Pubblicazione: |
Madrid, España
Clemares
1955
|
| Soggetti: | |
| Tags: |
Aggiungi Tag
Nessun Tag, puoi essere il primo ad aggiungerne!!
|
MARC
| LEADER | 00000nam a2200000 a 4500 | ||
|---|---|---|---|
| 001 | UCS1082 | ||
| 003 | CL-VaPUC | ||
| 005 | 20210610175316.0 | ||
| 008 | 970509e19550000sp 1 spa d | ||
| 999 | |c 382941 |d 382939 | ||
| 040 | |c Pontificia Universidad Católica de Valparaíso | ||
| 082 | 0 | 4 | |a 347 INS 1955 |2 21 |
| 110 | 2 | |a Instituto Español de Derecho Procesal |e autor |9 618421 | |
| 245 | 1 | 0 | |a Actas del I Congreso Ibero-americano y Filipino de Derecho Procesal |
| 260 | 0 | 3 | |a Madrid, España |b Clemares |c 1955 |
| 300 | |a 654 páginas | ||
| 518 | |p Congreso Ibero-Americano y Filipino de Derecho Procesal, 1, Madrid, 14 al 19 de Noviembre de 1955 | ||
| 546 | |a En Español | ||
| 583 | |a last modification |c 19970509 00:00:00 |k Rodrigo Vera | ||
| 650 | 0 | 0 | |a Derecho procesal civil |9 258071 |
| 650 | 0 | 0 | |a Derecho civil |9 255013 |x Acción civil |
| 650 | 0 | 0 | |a Derecho procesal penal |9 256392 |
| 650 | 0 | 0 | |a Derecho penal |2 CL-VaPUC |9 11 |
| 650 | 0 | 0 | |a Tribunales |9 254872 |x Jurisprudencia |z España |z Filipinas |
| 942 | |c BK |2 ddc | ||
| 945 | |a cmena |d 19970509 00:00:00 | ||
| 952 | |0 0 |1 0 |2 ddc |4 0 |6 347_000000000000000_INS_1955 |7 0 |8 A |9 504889 |a BIBDER |b BIBDER |d 2020-01-23 |i 184265K |o 347 INS 1955 |p 184265K |r 2023-01-25 |t 1 |w 2020-01-23 |y BK |k DER | ||